| 000 | 00476cam a2200169ua 4500 | ||
|---|---|---|---|
| 020 | _c2.00 | ||
| 041 |
_amal _h |
||
| 082 |
_a370.9 _bBAL/IN |
||
| 100 | _aBalakrishna Pillai, Umayanelloor . | ||
| 245 |
_aIndiayile pracheena vidyabhasam / _cUmayanalloor Balakrishna Pillai. _hTextual Documents |
||
| 260 |
_aKottayam : _bSahitya Pravarthaka Co-operative Society , _c1961. |
||
| 300 | _a193 ; . | ||
| 365 | _a2.00 | ||
| 504 | _a | ||
| 942 | _cBK | ||
| 999 |
_c5020 _d5020 |
||